<?xml version="1.0" encoding="UTF-8"?>
<record
    xmlns:xsi="http://www.w3.org/2001/XMLSchema-instance"
    xsi:schemaLocation="http://www.loc.gov/MARC21/slim http://www.loc.gov/standards/marcxml/schema/MARC21slim.xsd"
    xmlns="http://www.loc.gov/MARC21/slim">

  <leader>00315nam a2200145 a 4500</leader>
  <controlfield tag="005">20260702181356.0</controlfield>
  <datafield tag="020" ind1=" " ind2=" ">
    <subfield code="a">9786064201111</subfield>
  </datafield>
  <datafield tag="100" ind1="1" ind2=" ">
    <subfield code="a">Stanescu, Nichita</subfield>
  </datafield>
  <datafield tag="245" ind1="1" ind2="0">
    <subfield code="a">11 elegii</subfield>
  </datafield>
  <datafield tag="260" ind1=" " ind2=" ">
    <subfield code="a">Bucuresti</subfield>
    <subfield code="b">Cartea Romaneasca</subfield>
    <subfield code="c">2016</subfield>
  </datafield>
  <datafield tag="300" ind1=" " ind2=" ">
    <subfield code="a">144 p.</subfield>
  </datafield>
  <datafield tag="041" ind1="0" ind2=" ">
    <subfield code="a">ron</subfield>
  </datafield>
  <datafield tag="650" ind1=" " ind2="0">
    <subfield code="a">Poezie romaneasca</subfield>
  </datafield>
  <datafield tag="942" ind1=" " ind2=" ">
    <subfield code="c">BK</subfield>
  </datafield>
  <datafield tag="999" ind1=" " ind2=" ">
    <subfield code="c">25</subfield>
    <subfield code="d">25</subfield>
  </datafield>
  <datafield tag="952" ind1=" " ind2=" ">
    <subfield code="0">0</subfield>
    <subfield code="1">0</subfield>
    <subfield code="4">0</subfield>
    <subfield code="7">0</subfield>
    <subfield code="a">BJHR</subfield>
    <subfield code="b">BJHR</subfield>
    <subfield code="d">2026-07-02</subfield>
    <subfield code="l">0</subfield>
    <subfield code="p">ARTABJHR25</subfield>
    <subfield code="r">2026-07-02 18:14:06</subfield>
    <subfield code="w">2026-07-02</subfield>
    <subfield code="y">BK</subfield>
  </datafield>
  <datafield tag="952" ind1=" " ind2=" ">
    <subfield code="0">0</subfield>
    <subfield code="1">0</subfield>
    <subfield code="4">0</subfield>
    <subfield code="7">0</subfield>
    <subfield code="a">BHR03</subfield>
    <subfield code="b">BHR03</subfield>
    <subfield code="d">2026-07-02</subfield>
    <subfield code="l">0</subfield>
    <subfield code="p">ARTABHR0325</subfield>
    <subfield code="r">2026-07-02 18:14:06</subfield>
    <subfield code="w">2026-07-02</subfield>
    <subfield code="y">BK</subfield>
  </datafield>
</record>
